[Event "CAN-ch U12"]
[Site "Victoria"]
[Date "2009.07.22"]
[Round "5"]
[White "Pecherski, Daniel"]
[Black "Wang, Richard"]
[Result "0-1"]
[WhiteElo "1731"]
[BlackElo "2045"]
[PlyCount "76"]
[EventDate "2009.07.21"]
[EventType "swiss"]
[EventRounds "7"]
[EventCountry "CAN"]
[SourceTitle "EXT 2011"]
[Source "ChessBase"]
[SourceDate "2010.11.26"]
[SourceVersion "1"]
[SourceVersionDate "2010.11.26"]
[SourceQuality "1"]

1. d4 d5 2. Nf3 Nf6 3. e3 e6 4. Bd3 c5 5. c3 Nbd7 6. 0-0 Bd6 7. Nbd2 0-0 8. Qe2 e5 9. dxe5 Nxe5 10. Nxe5 Bxe5 11. e4 Re8 12. f4 dxe4 13. Nxe4 Bd4+ 14. cxd4 Nxe4 15. Bxe4 Qxd4+ 16. Qf2 Rxe4 17. Qxd4 cxd4 18. Bd2 Be6 19. Rfe1 f5 20. a3 Bd5 21. Rac1 Rae8 22. Kf2 b5 23. Rc5 Bc4 24. Re5 R8xe5 25. fxe5 Kf7 26. Bb4 Ke6 27. Rxe4 fxe4 28. Bd6 e3+ 29. Ke1 d3 30. Bb4 d2+ 31. Bxd2 exd2+ 32. Kxd2 Kxe5 33. Kc3 Bf1 34. g3 Ke4 35. Kb4 Kf3 36. Ka5 Kg2 37. Ka6 Kxh2 38. Kxa7 Kxg3 0-1